[Event "European Online Club-ch-A 2021"]
[Site "Online"]
[Date "2021.03.27"]
[Round "2.18"]
[White "Kamsky, Gata"]
[Black "Bacrot, Etienne"]
[Result "1/2-1/2"]
[WhiteElo "2665"]
[BlackElo "2678"]
[Annotator "TA"]
[PlyCount "91"]
[EventDate "2021.03.27"]
[EventType "team-tourn"]
[EventCountry "NET"]
[SourceTitle "playchess.com"]
[Source "ChessBase"]
[SourceQuality "1"]

{[%evp 10,91,20,17,17,13,12,9,2,13,14,-6,8,2,3,10,0,0,0,0,12,0,13,-17,0,0,0,-2,-5,-4,0,0,16,24,24,18,24,24,24,18,22,22,56,9,46,1,9,0,0,-16,-15,-16,-11,-12,-20,-20,-14,-20,0,-64,-61,-65,-70,-71,0,0,0,0,0,0,0,0,0,0,0,0,0,0,0,0,0,0,0,0]} 1. d4 d5 2. Nf3 Nf6 3. Bf4 e6 4. e3 Bd6 5. Bxd6 Qxd6 6. c4 b6 {D02: 1 d4 d5 2 Nf3 sidelines, including 2...Nf6 3 g3 and 2...Nf6 3 Bf4.} 7. Nc3 O-O 8. Be2 Bb7 9. O-O dxc4 10. Bxc4 Nbd7 11. Rc1 {[#]} c5 $146 ({Predecessor:} 11... a6 12. Re1 c5 13. dxc5 Qxd1 14. Rexd1 Nxc5 15. Ne5 Rfd8 16. Be2 Kf8 17. b4 Ncd7 18. Nxd7+ Rxd7 {0-1 (94) Protaziuk,G (2334)-Socko,B (2627) Chorzow 2019}) 12. dxc5 Qxc5 13. Be2 Rfd8 14. Qa4 Qe7 15. Rfd1 h6 16. b4 a5 17. a3 axb4 18. Qxb4 Qxb4 19. axb4 Kf8 20. Nd4 Nd5 21. Nxd5 Bxd5 22. f3 Ne5 23. e4 Ba2 24. Kf2 g5 25. g3 Rd7 26. Bb5 Rda7 (26... Rd6 {with more complications.} 27. Rd2 Ra3 28. Be2 Nd3+ 29. Rxd3 Rxd3 30. Nb5 Rd7) 27. Rc3 Ra3 28. Rxa3 (28. Rdc1 {is interesting.} h5 29. h3 Rxc3 30. Rxc3 Ng6 31. Rc6) 28... Rxa3 29. Ra1 Nd3+ 30. Bxd3 Rxd3 $11 {[%mdl 4096] Endgame KRB-KRN} 31. Nc6 Rd2+ 32. Ke3 Rxh2 33. Ne5 Rb2 (33... h5 {looks sharper.} 34. Nd7+ Ke7 35. Nxb6 Rb2 36. b5 Rxb5 37. Nc8+ Kd7) 34. Rc1 (34. Rd1 $11) 34... f6 $15 35. Ng4 Rb3+ 36. Kf2 f5 (36... Kg7 $17 37. Rc7+ Kg6) 37. exf5 $11 {[#] And now Rc8+ would win.The position is equal.} exf5 38. Nxh6 Rb2+ 39. Ke3 Rb3+ 40. Kf2 Bb1 41. Rc6 Kg7 42. Rxb6 Rb2+ 43. Kg1 Rb3 44. Kf2 Rb2+ 45. Kg1 Rb3 46. Kf2 {Weighted Error Value: White=0.08/Black=0.06} 1/2-1/2

[Event "European Online Club-ch-A 2021"]
[Site "Online"]
[Date "2021.03.27"]
[Round "2.19"]
[White "Shirov, Alexei"]
[Black "Timofeev, Artyom"]
[Result "0-1"]
[WhiteElo "2662"]
[BlackElo "2594"]
[Annotator "TA"]
[PlyCount "112"]
[EventDate "2021.03.27"]
[EventType "team-tourn"]
[EventCountry "NET"]
[SourceTitle "playchess.com"]
[Source "ChessBase"]
[SourceQuality "1"]

{[%evp 9,112,2,0,14,23,0,0,0,118,41,41,25,45,24,46,58,56,18,29,-7,-5,0,10,-32,-21,-17,0,0,14,1,1,1,3,4,7,-35,10,-102,-80,-72,-87,-99,-99,-73,-90,-94,-100,-148,-92,-93,-100,-101,-100,-102,-102,-102,-99,-126,-126,-129,-135,-126,-124,-121,-120,-136,-126,-142,-133,-161,-139,-221,-202,-196,-200,-272,-265,-265,-267,-437,-385,-384,-388,-358,-376,-353,-343,-468,-467,-442,-416,-668,-669,-708,-610,-1018,-942,-1086,-1094,-1441,-1429,-1657,-1565,-1538,-1499]} 1. d4 d5 2. c4 dxc4 3. e4 Nc6 4. Nf3 Bg4 5. Be3 Bxf3 6. gxf3 {D20: Queen's Gambit Accepted: 3 e3 and 3 e4.} e6 7. Bxc4 Bb4+ 8. Nc3 {The position is equal.} Nge7 (8... Qf6 $1 $11) 9. a3 (9. Qb3 $1 $16) 9... Bxc3+ $14 10. bxc3 {[#]} O-O $146 ({Predecessor:} 10... a6 11. Rg1 Ng6 12. Bg5 Qd6 13. e5 Qd7 14. Qd2 h6 15. Be3 Nh4 16. Ke2 b5 17. Bd3 {1-0 (17) Krylov,A-Stepakhin,S RCCA corr 2002}) 11. O-O Na5 12. Ba2 b5 13. a4 a6 14. f4 Qd7 15. Qh5 Qc6 16. d5 exd5 17. exd5 Qf6 18. Qe5 Qh4 (18... Qf5 {with more complications.} 19. Qxe7 Qg4+ 20. Kh1 Qf3+ 21. Kg1 Qg4+) 19. Qg5 ({Don't go for} 19. Qxc7 $2 Qg4+ 20. Kh1 Qf3+ 21. Kg1 Qg4+ 22. Kh1 Qf3+ 23. Kg1 Nf5 $19) 19... Qxg5+ 20. fxg5 bxa4 21. Bc5 Rfe8 22. Rae1 Nf5 23. Bb1 (23. Rxe8+ $1 $11 {keeps the balance.} Rxe8 24. Rb1) 23... Nd6 24. Bd3 Nb3 25. Bb4 a5 26. Ba3 Nd2 {And now ...Nf3+ would win.} 27. Rxe8+ Rxe8 28. Ra1 N6c4 (28... N6e4 $142 29. Kg2 Nxg5) 29. Bxc4 $17 Nxc4 {[%mdl 4096] Endgame KRB-KRN} 30. Bc5 a3 31. Bxa3 Re5 32. Bc1 Rxd5 33. Bf4 Rf5 34. Bxc7 Rxg5+ 35. Kf1 h5 36. Ke2 Rc5 37. Bf4 f6 38. Kd3 g5 39. Bc1 Ne5+ 40. Kc2 {[#]} (40. Kd4 $17 {might work better.} Rc8 41. Kd5) 40... Ng4 $1 $19 41. f4 Nxh2 42. Be3 Rf5 43. fxg5 fxg5 44. Rh1 $2 (44. Kd3 Ng4 45. Bb6) 44... Ng4 45. Bb6 h4 46. c4 Kf7 47. c5 {intending c6.} Ne5 48. Bxa5 Nd7 49. Be1 Rxc5+ 50. Kb2 {[#]} (50. Kd3 $142 Rc1 51. Ke2) 50... Rc4 $1 {Black is clearly winning.} ({Weaker is} 50... Rb5+ 51. Ka2 $17) 51. Bc3 Kg6 52. Rd1 Nc5 53. Rd6+ Kh5 {Strongly threatening ...Rxc3!} 54. Bg7 h3 55. Rh6+ Kg4 56. Bf8 Ne4 {Weighted Error Value: White=0.52/Black=0.10} 0-1

[Event "European Online Club-ch-A 2021"]
[Site "Online"]
[Date "2021.03.27"]
[Round "2.20"]
[White "Sharafiev, Azat"]
[Black "Naiditsch, Arkadij"]
[Result "1/2-1/2"]
[WhiteElo "2432"]
[BlackElo "2649"]
[Annotator "TA"]
[PlyCount "92"]
[EventDate "2021.03.27"]
[EventType "team-tourn"]
[EventCountry "NET"]
[SourceTitle "playchess.com"]
[Source "ChessBase"]
[SourceQuality "1"]

{[%evp 21,92,8,15,17,20,14,18,-16,-9,-24,0,0,0,0,0,0,8,-11,0,-5,-5,-6,-12,-10,-14,-12,-11,-30,20,12,18,24,10,15,14,8,14,13,12,6,45,0,12,0,0,0,0,0,0,0,0,0,0,0,0,0,0,0,0,0,0,0,0,0,0,0,0,0,0,0,0,0,0]} 1. d4 Nf6 2. Nf3 d5 3. c4 e6 4. Nc3 c5 5. cxd5 Nxd5 6. e4 Nxc3 7. bxc3 cxd4 8. cxd4 Bb4+ 9. Bd2 Bxd2+ 10. Qxd2 O-O 11. Bc4 Nd7 {[%cal Bb8d7,Bd7c5,Bc5d3][%mdl 32]} 12. O-O {D41: Queen's Gambit Declined: Semi-Tarrasch with 5 cxd5.} b6 13. d5 Nc5 14. dxe6 Bxe6 15. Bxe6 fxe6 (15... Nxe6 {with more complications.} 16. Rfd1 Qe8 17. Qd7 g6 18. e5 Qxd7 19. Rxd7 Rfd8) 16. Qe3 Qd3 17. Qxd3 Nxd3 {[#]} 18. Nd4 $146 ({Predecessor:} 18. Rfd1 Nc5 19. Rd6 Rf4 20. e5 Ra4 21. h3 h6 22. a3 Kf7 23. Rd4 Rc8 24. Rxa4 Nxa4 {0-1 (51) Jameson,D (2113)-Levin,F (2512) Bad Woerishofen 2013}) 18... e5 19. Nf5 Kf7 20. Rfd1 Rfd8 21. f3 Rac8 22. Rd2 {[#] Rad1 is the strong threat.} g6 23. Ne3 {Hoping for Rad1.} Nf4 24. Rad1 Rd4 25. g3 Rcd8 $1 26. Rxd4 Ne2+ {[%mdl 64] [#] Double Attack} 27. Kf2 Nxd4 $11 {[%mdl 4096] Endgame KRN-KRN} 28. Nc4 Ke6 29. f4 exf4 30. gxf4 b5 31. Ne5 (31. Ne3 {keeps more tension.} Rd7 32. Nd5 Nc6 33. Rc1 Ne7 34. Nc7+) 31... Rd6 {The position is equal.} 32. Nf3 (32. Rc1 {feels hotter.} g5 33. Nd3 gxf4 34. Nxf4+ Kf6 35. Rc5) 32... Nxf3 33. Rxd6+ Kxd6 34. Kxf3 {KP-KP} b4 35. Ke3 Kc5 36. Kd3 a5 37. h4 a4 38. e5 Kd5 39. Kc2 h6 40. Kd3 g5 41. fxg5 (41. hxg5 {is interesting.} hxg5 42. fxg5 Kxe5 43. Kc4 b3 44. axb3 axb3 45. Kxb3 Ke6 46. Ka3) 41... hxg5 42. hxg5 {Strongly threatening g6.} Kxe5 {KPP-KPP} 43. Kc4 b3 {[%cal Rb3b2]} 44. axb3 axb3 {( -> ...b2)} 45. Kxb3 Kf5 46. g6 Kxg6 {A rather calm draw.  Weighted Error Value: White=0.05/Black=0.06} 1/2-1/2

[Event "European Online Club-ch-A 2021"]
[Site "Online"]
[Date "2021.03.27"]
[Round "3.1"]
[White "Artemiev, Vladislav"]
[Black "Horvath, Laszlo"]
[Result "1-0"]
[WhiteElo "2709"]
[BlackElo "2183"]
[Annotator "TA"]
[PlyCount "63"]
[EventDate "2021.03.27"]
[EventType "team-tourn"]
[EventCountry "NET"]
[SourceTitle "playchess.com"]
[Source "ChessBase"]
[SourceQuality "1"]

{[%evp 11,62,33,38,7,5,10,30,37,24,0,9,18,57,51,55,41,54,47,58,33,87,86,133,54,175,147,195,95,368,380,361,343,1029,1002,1225,1217,1213,1200,1643,1642,1302,1237,29987,29988,29990,29991,29991,29990,29992,29993,29998,29999,29999]} 1. d4 Nf6 2. c4 g6 3. Nc3 d5 4. cxd5 Nxd5 5. e4 Nxc3 6. bxc3 Bg7 7. Bg5 {D85: Exchange Grünfeld: Unusual White 7th moves and lines with 7 Nf3.} c5 {[%cal Rc5d4]} 8. Rc1 cxd4 9. cxd4 {White has an edge.} O-O 10. d5 {[#]} f6 $146 ({Predecessor:} 10... h6 11. Be3 f5 12. exf5 Bxf5 13. Bc4 Kh7 14. g4 Bd7 15. Nf3 Bb5 16. O-O Bxc4 17. Rxc4 {1-0 (62) Ulybin,M (2453)-Sargsyan,S (2601) Groningen 2019}) 11. Bf4 Qa5+ 12. Bd2 Qxa2 13. Nf3 Qa3 14. Bc4 $36 {[%mdl 3072] White has compensation. White has some pressure.} Qd6 15. O-O Kh8 (15... Na6 $14) 16. Nd4 a6 17. Re1 (17. Qe1 $16) 17... b5 ({Black should try} 17... e5 $1 $14 18. Ne6 Bxe6 19. dxe6 Nc6) 18. Ba2 $18 Bd7 {[#]} 19. Qb3 (19. Ba5 $1 $18 {is the precise move to win.}) 19... Rc8 $2 {[%mdl 8192]} (19... a5 $16 {was worth a try.}) 20. Rxc8+ Bxc8 21. Bb4 Qb6 {[#]} (21... Qd8 22. Qa3 a5 23. Bxe7 Qb6) 22. d6 $1 {[%csl Ga2][%cal Rb3g8]} e6 (22... Qd8 23. dxe7) 23. Nxe6 Bxe6 24. Qxe6 {[%csl Ga2][%cal Re6g8]} Qd8 {[#]} 25. Ba5 $1 {[%mdl 512]} Qf8 26. Rc1 {aiming for Rc8!} Nc6 27. Rxc6 {White mates.} Re8 {[#]} 28. d7 $1 Rxe6 (28... Rb8 29. Rc8) 29. Bxe6 f5 30. Rc8 Qxc8 31. dxc8=Q+ Bf8 32. Qxf8# {Weighted Error Value: White=0.12/Black=0.62} 1-0

[Event "European Online Club-ch-A 2021"]
[Site "Online"]
[Date "2021.03.27"]
[Round "3.2"]
[White "Krieger, Markus"]
[Black "Kamsky, Gata"]
[Result "0-1"]
[WhiteElo "2050"]
[BlackElo "2665"]
[Annotator "TA"]
[PlyCount "68"]
[EventDate "2021.03.27"]
[EventType "team-tourn"]
[EventCountry "NET"]
[SourceTitle "playchess.com"]
[Source "ChessBase"]
[SourceQuality "1"]

{[%evp 10,68,49,16,12,18,22,0,0,0,0,0,0,-1,0,-38,-33,-52,-33,-70,-55,-59,-48,-59,0,0,-7,-8,0,0,8,-42,-24,-34,0,0,0,0,0,0,0,-24,-13,-16,-20,-56,0,0,0,0,-6,-2,-9,-50,-49,-34,-53,-262,-255,-672,-659]} 1. e4 g6 2. d4 Bg7 3. Be3 d6 4. Nc3 a6 5. Qd2 b5 6. Nf3 Bb7 {B06: Modern Defence.} 7. Bd3 Nd7 8. a3 Ngf6 {The position is equal.} 9. Bh6 O-O 10. h4 e5 11. dxe5 {[#]} dxe5 $146 ({Predecessor:} 11... Nxe5 12. Nxe5 dxe5 13. Bxg7 Kxg7 14. Qg5 Qe7 15. h5 h6 16. Qg3 g5 17. Qh3 c5 {0-1 (41) Yagutian,M (1489)-Tihonov,J (2385) Minsk 2018}) 12. O-O Qe7 13. Rfe1 Rfe8 14. Bxg7 Kxg7 15. Rad1 Rad8 16. Qe3 Qc5 (16... Ng4 $15 17. Qg5 Ndf6) 17. Nd2 $11 Qxe3 18. Rxe3 Nc5 19. f3 Nh5 20. Nb3 Nxb3 21. cxb3 Rd6 (21... c5 {is interesting.} 22. Ree1 Nf4 23. Bf1 Ne6 24. a4 b4) 22. Bc2 Rxd1+ 23. Nxd1 Nf4 24. g3 Ne6 25. Kf2 c5 26. b4 Nd4 27. Rc3 cxb4 (27... Rd8 $1 $15 28. Ne3 c4) 28. axb4 Nc6 29. Bb3 $1 Re7 $36 {[%mdl 2048] White is under pressure.} 30. Ne3 Nxb4 31. Ke2 a5 32. Rc5 a4 33. Rxb5 $2 {[#]} (33. Bd5 $15) 33... Ba6 $19 34. Bxa4 (34. Bc4 Bxb5 35. Bxb5) 34... Rb7 {[%mdl 64] Pin.  Weighted Error Value: White=0.39/Black=0.09} 0-1

[Event "European Online Club-ch-A 2021"]
[Site "Online"]
[Date "2021.03.27"]
[Round "3.3"]
[White "Timofeev, Artyom"]
[Black "Ferster, Fabian"]
[Result "1-0"]
[WhiteElo "2594"]
[BlackElo "2149"]
[Annotator "ChessBase"]
[PlyCount "71"]
[EventDate "2021.03.27"]
[EventType "team-tourn"]
[EventCountry "NET"]
[SourceTitle "playchess.com"]
[Source "ChessBase"]
[SourceQuality "1"]
[TimeControl "900+5"]

1. d4 {[%emt 0:00:00]} Nf6 {[%emt 0:00:07]} 2. c4 {[%emt 0:00:03]} g6 {[%emt 0:00:01]} 3. Nc3 {[%emt 0:00:02]} d5 {[%emt 0:00:02]} 4. Bf4 {[%emt 0:00:03]} c5 {[%emt 0:00:05]} 5. dxc5 {[%emt 0:00:34]} d4 {[%emt 0:00:13]} 6. Nb5 {[%emt 0:00:02]} Na6 {[%emt 0:00:03]} 7. Nf3 {[%emt 0:00:25]} Bg7 {[%emt 0:00:08]} 8. Qxd4 {[%emt 0:00:08]} O-O {[%emt 0:00:13]} 9. Qxd8 {[%emt 0:00:25]} Rxd8 {[%emt 0:00:03]} 10. e3 {[%emt 0:00:03]} Nh5 {[%emt 0:00:13]} 11. Be5 {[%emt 0:00:07]} Nxc5 {[%emt 0:04:25]} 12. Be2 {[%emt 0:00:14]} Be6 {[%emt 0:00:52]} 13. Bxg7 {[%emt 0:00:09]} Kxg7 {[%emt 0:00:25]} 14. Nfd4 {[%emt 0:00:07]} Bd7 {[%emt 0:00:11]} 15. Bxh5 {[%emt 0:00:52]} gxh5 {[%emt 0:00:00]} 16. Ke2 {[%emt 0:00:04]} a6 {[%emt 0:00:17]} 17. Nc3 {[%emt 0:00:05]} Rac8 {[%emt 0:00:21]} 18. Rhd1 {[%emt 0:00:17]} e5 {[%emt 0:00:12]} 19. Nf3 {[%emt 0:00:17]} Bg4 {[%emt 0:00:02]} 20. h3 {[%emt 0:00:06]} Bxf3+ {[%emt 0:00:03]} 21. gxf3 {[%emt 0:00:06]} Ne6 {[%emt 0:00:07]} 22. Rxd8 {[%emt 0:00:04]} Nxd8 {[%emt 0:00:06]} 23. Rg1+ {[%emt 0:00:13]} Kf8 {[%emt 0:00:05]} 24. Kd3 {[%emt 0:00:03]} Ne6 {[%emt 0:00:09]} 25. b4 {[%emt 0:00:06]} f5 {[%emt 0:00:10]} 26. a4 {[%emt 0:00:15]} a5 {[%emt 0:00:09]} 27. bxa5 {[%emt 0:00:06]} Ra8 {[%emt 0:00:32]} 28. Rb1 {[%emt 0:00:27]} Rxa5 {[%emt 0:00:08]} 29. Rb5 {[%emt 0:00:03]} Rxb5 {[%emt 0:00:30]} 30. cxb5 {[%emt 0:00:03]} Ng5 {[%emt 0:00:02]} 31. a5 {[%emt 0:00:03]} Ne6 {[%emt 0:00:09]} 32. Kc4 {[%emt 0:00:06]} Ke7 {[%emt 0:00:03]} 33. a6 {[%emt 0:00:05]} bxa6 {[%emt 0:00:01]} 34. bxa6 {[%emt 0:00:01]} Kd6 {[%emt 0:00:03]} 35. a7 {[%emt 0:00:02]} Nc7 {[%emt 0:00:02]} 36. Nb5+ {[%emt 0:00:02]} 1-0

[Event "European Online Club-ch-A 2021"]
[Site "Online"]
[Date "2021.03.27"]
[Round "3.4"]
[White "Frick, Renato"]
[Black "Sharafiev, Azat"]
[Result "0-1"]
[WhiteElo "1947"]
[BlackElo "2432"]
[Annotator "NA"]
[PlyCount "66"]
[EventDate "2021.03.27"]
[EventType "team-tourn"]
[EventCountry "NET"]
[SourceTitle "playchess.com"]
[Source "ChessBase"]
[SourceQuality "1"]
[TimeControl "900+5"]

1. e4 {[%emt 0:00:00]} g6 {[%emt 0:00:03]} 2. d4 {[%emt 0:00:05]} Bg7 {[%emt 0:00:02]} 3. Nf3 {[%emt 0:00:04]} d6 {[%emt 0:00:02]} 4. c4 {[%emt 0:00:10]} Nf6 {[%emt 0:00:05]} 5. Nc3 {[%emt 0:00:04]} O-O {[%emt 0:00:02]} 6. Be2 {[%emt 0:00:09]} Bg4 {[%emt 0:00:02]} 7. Be3 {[%emt 0:00:20]} Nfd7 {[%emt 0:00:02]} 8. O-O {[%emt 0:00:09]} a6 {[%emt 0:00:03]} 9. Qd2 {[%emt 0:00:07]} c5 {[%emt 0:00:03]} 10. d5 {[%emt 0:00:07]} b5 {[%emt 0:00:14]} 11. cxb5 {[%emt 0:00:50]} axb5 {[%emt 0:00:02]} 12. Bh6 {[%emt 0:00:33]} b4 {[%emt 0:00:11]} 13. Bxg7 {[%emt 0:00:09]} Kxg7 {[%emt 0:00:02]} 14. Nd1 {[%emt 0:00:03]} Nf6 {[%emt 0:00:17]} 15. Qd3 {[%emt 0:00:14]} Nbd7 {[%emt 0:00:06]} 16. Nd2 {[%emt 0:00:27]} Bxe2 {[%emt 0:01:58]} 17. Qxe2 {[%emt 0:00:05]} Qc8 {[%emt 0:01:02]} 18. Nc4 {[%emt 0:00:53]} Qa6 {[%emt 0:00:09]} 19. b3 {[%emt 0:00:47]} Rfe8 {[%emt 0:00:04]} 20. Qb2 {[%emt 0:01:12]} Kg8 {[%emt 0:01:50]} 21. f3 {[%emt 0:01:06]} Qb7 {[%emt 0:00:21]} 22. Nde3 {[%emt 0:00:36]} Ra6 {[%emt 0:00:02]} 23. Rfb1 {[%emt 0:00:13]} Rea8 {[%emt 0:00:11]} 24. a4 {[%emt 0:00:03]} bxa3 {[%emt 0:00:03]} 25. Rxa3 {[%emt 0:00:01]} Rxa3 {[%emt 0:00:13]} 26. Nxa3 {[%emt 0:00:02]} Ne5 {[%emt 0:00:22]} 27. Nac4 {[%emt 0:00:35]} Nfd7 {[%emt 0:00:13]} 28. Qc3 {[%emt 0:00:20]} Ra2 {[%emt 0:00:30]} 29. Rb2 {[%emt 0:02:26]} Ra1+ {[%emt 0:00:31]} 30. Kf2 {[%emt 0:00:02]} Qa7 {[%emt 0:00:15]} 31. Nc2 {[%emt 0:03:28]} Rd1 {[%emt 0:01:30]} 32. Ne1 {[%emt 0:01:08]} Qa1 {[%emt 0:00:21]} 33. Rc2 {[%emt 0:00:20]} Rxe1 {[%emt 0:00:14]} 0-1

[Event "European Online Club-ch-A 2021"]
[Site "Online"]
[Date "2021.03.27"]
[Round "3.5"]
[White "Deac, Bogdan-Daniel"]
[Black "Rapport, Richard"]
[Result "1/2-1/2"]
[WhiteElo "2625"]
[BlackElo "2763"]
[Annotator "TA"]
[PlyCount "100"]
[EventDate "2021.03.27"]
[EventType "team-tourn"]
[EventCountry "NET"]
[SourceTitle "playchess.com"]
[Source "ChessBase"]
[SourceQuality "1"]

{[%evp 12,100,34,10,27,20,22,24,35,22,25,25,16,16,26,19,25,13,31,25,32,32,25,30,29,29,22,22,21,22,14,0,0,0,0,0,0,0,0,0,0,0,0,0,0,0,0,0,0,0,0,0,0,0,0,0,0,0,0,0,0,0,0,0,0,-6,0,0,0,0,0,0,0,0,0,0,0,0,0,0,0,0,0,0,0,0,0,0,0,0,0]} 1. e4 e5 2. Nf3 Nc6 3. Bc4 Bc5 4. c3 Nf6 5. d3 h6 6. O-O d6 7. Re1 a6 {C54: Giuoco Piano: 4 c3 Nf6, main lines with 5 d4 and 5 d3.} 8. a4 Ba7 9. Nbd2 O-O {White has an edge.} 10. h3 Re8 11. b4 $1 {11.b4 scores better than 11.Nf1.} Be6 12. Bxe6 Rxe6 13. Qc2 Qd7 14. Nf1 d5 15. Be3 d4 16. cxd4 Nxd4 17. Nxd4 Bxd4 18. Bxd4 Qxd4 19. Qxc7 {The position is equal.} Qxd3 20. Qxb7 Qd8 {[#] Threatens to win with ...Rb6.} 21. Rad1 $146 (21. Red1 {with more complications.} Qb8 22. Qxb8+ Rxb8 23. f3 Rxb4 24. Ne3) ({Predecessor:} 21. Red1 Qb8 22. Qxb8+ Rxb8 23. f3 Rxb4 24. Ne3 g6 25. a5 Kg7 26. Rdb1 Rxb1+ 27. Rxb1 {½-½ (55) Grischuk,A (2777)-Rapport,R (2759) Chess.com INT 2020}) 21... Qb8 22. Qxb8+ Rxb8 23. Rb1 Reb6 24. b5 axb5 25. axb5 Rxb5 26. Rxb5 Rxb5 $11 {[%mdl 4096] Endgame KRN-KRN} 27. Ng3 g6 28. f3 Nh7 29. h4 Nf8 30. h5 Ne6 31. hxg6 fxg6 32. Re2 Nf4 33. Rd2 Rb3 34. Nf1 h5 35. Kf2 Kf7 36. Ne3 Ke6 37. Nd5 g5 38. g3 Nh3+ 39. Kg2 g4 40. fxg4 hxg4 41. Nc7+ Ke7 42. Nd5+ Kf7 43. Ra2 Rf3 44. Ra7+ Ke8 45. Re7+ Kd8 46. Rxe5 Rf2+ 47. Kh1 Rf1+ 48. Kg2 Rf2+ 49. Kh1 Rf1+ 50. Kg2 Rf2+ {Not much happened in this game.  Weighted Error Value: White=0.02/Black=0.01} 1/2-1/2

[Event "European Online Club-ch-A 2021"]
[Site "Online"]
[Date "2021.03.27"]
[Round "3.6"]
[White "Bacrot, Etienne"]
[Black "Istratescu, Andrei"]
[Result "1-0"]
[WhiteElo "2678"]
[BlackElo "2553"]
[Annotator "TA"]
[PlyCount "79"]
[EventDate "2021.03.27"]
[EventType "team-tourn"]
[EventCountry "NET"]
[SourceTitle "playchess.com"]
[Source "ChessBase"]
[SourceQuality "1"]

{[%evp 13,79,12,16,15,11,20,47,28,25,14,8,12,45,40,42,33,35,8,45,54,62,30,83,89,241,225,228,251,249,156,440,464,481,437,431,312,358,268,291,286,400,399,382,374,608,598,615,616,616,612,519,505,721,464,616,616,616,608,608,601,601,597,597,597,583,567,567,567]} 1. e4 e5 2. Nf3 Nc6 3. Bc4 Bc5 4. c3 Nf6 5. d3 O-O 6. O-O d6 7. h3 a6 8. a4 $1 {[%mdl 4] is now more promising than 8.Bb3. C54: Giuoco Piano: 4 c3 Nf6, main lines with 5 d4 and 5 d3.} Ba7 9. Re1 Ne7 10. d4 {White is slightly better.} Ng6 11. Nbd2 exd4 12. cxd4 d5 13. exd5 Nxd5 14. Ne4 c6 15. Ne5 {[#]} Nxe5 $146 ({Predecessor:} 15... Bf5 16. Qf3 Bxe4 17. Qxe4 Re8 18. Qg4 Qd6 19. Be3 Re6 20. Nf3 Rae8 21. Bd2 Nf8 {0-1 (83) Leon Hoyos,M (2490)-Quesada Perez,Y (2619) Saint Louis 2017}) 16. dxe5 Be6 17. Bg5 Qd7 (17... Qb6 $11 {remains equal.}) 18. Qf3 $16 Bd4 $2 (18... h6 $16 19. Bf6 Nxf6 20. Bxe6 fxe6 21. exf6 Rad8) 19. Qg3 $18 Kh8 20. Rad1 c5 21. b4 $40 {[%mdl 128] White is out for blood.} Nxb4 {[#] Loses the game.} (21... Qxa4 $16 {is a better defense.} 22. Qh4 Nxb4) 22. Nxc5 $1 {[%mdl 512]} Bxc5 (22... Qc7 23. Nxe6) 23. Rxd7 Bxd7 24. Qb3 Be6 25. Be3 ({Resist} 25. Bxe6 fxe6 26. Be3 Bxe3 $18) 25... Bxc4 26. Qxc4 Be7 27. Qc7 Rfe8 28. Rd1 b5 $2 (28... Nc6 29. e6 fxe6 30. Qxb7 Nb4) 29. Rd7 {White is clearly winning.} Rec8 30. Qb7 ({Inferior is} 30. Rxe7 Rxc7 31. Rxc7 Nd5 $11) 30... Rab8 31. Qf3 ({Less strong is} 31. Rxe7 Rxb7 32. Rxb7 Nc2 $14) 31... Nc6 32. Qxf7 b4 33. Rxe7 Nxe7 34. Qxe7 b3 35. Bd4 b2 {[#]} 36. Bxb2 Rxb2 37. e6 h6 38. Qd7 Rc1+ 39. Kh2 Re1 40. f4 {Weighted Error Value: White=0.21/Black=0.39} 1-0

[Event "European Online Club-ch-A 2021"]
[Site "Online"]
[Date "2021.03.27"]
[Round "3.7"]
[White "Marin, Mihail"]
[Black "Shirov, Alexei"]
[Result "1-0"]
[WhiteElo "2502"]
[BlackElo "2662"]
[Annotator "TA"]
[PlyCount "81"]
[EventDate "2021.03.27"]
[EventType "team-tourn"]
[EventCountry "NET"]
[SourceTitle "playchess.com"]
[Source "ChessBase"]
[SourceQuality "1"]

{[%evp 9,81,-4,22,8,21,16,53,51,46,5,54,-8,-12,-12,0,0,0,-44,-30,-63,1,9,2,0,12,10,217,0,0,0,0,0,0,0,0,0,177,181,170,159,196,206,208,210,358,323,322,302,267,48,48,48,48,48,58,58,58,58,58,48,48,48,58,48,29965,29966,29967,29968,29968,29969,29969,29968,29986,29987]} 1. c4 c6 2. Nf3 d5 3. g3 g6 4. Bg2 Bg7 5. Qa4 e6 6. O-O {A11: English Opening: 1...c6.} Ne7 7. d4 {[#]} Nf5 $146 ({Predecessor:} 7... O-O 8. Qc2 b6 9. Rd1 Ba6 10. b3 Nd7 11. Bb2 Rc8 12. Nc3 Qc7 13. e4 dxc4 {1-0 (72) Grischuk,A (2792)-Fressinet,L (2717) Dubai 2014}) 8. Rd1 {White is slightly better.} O-O 9. Nbd2 dxc4 10. e3 (10. Nxc4 $2 b5 $19) (10. Qc2 $14) 10... b5 $11 11. Qc2 Bb7 12. b3 c5 {[%cal Rc5d4]} 13. bxc4 (13. Bb2 {seems wilder.} cxd4 14. Nxd4 Nxd4 15. Bxd4 Bxd4 16. Bxb7 Bxa1 17. Bxa8 Na6 18. bxc4 Qxa8 19. Rxa1 Rc8 20. Ne4) 13... cxd4 14. exd4 Nxd4 (14... Bxd4 $2 15. Nb3 $18) (14... Nc6 $15 15. Bb2 bxc4) 15. Nxd4 Bxg2 16. Kxg2 {And now N2f3 would win.} Qxd4 17. Rb1 bxc4 $2 (17... Qc5 $11) 18. Nxc4 $2 (18. Ne4 $18 Qe5 19. Qxc4) 18... Qc5 19. Ba3 Qc6+ 20. Kg1 Rc8 21. Qe2 {aiming for Rbc1.} Nd7 22. Nd6 $36 {[%mdl 2048] Hoping for Rbc1. White has the initiative.} Rcb8 $2 (22... Qc2 $1 $11 {and Black is okay.} 23. Qf1 Rcb8 24. Rxb8+ Rxb8 25. Nxf7 Qxa2) 23. Rbc1 $18 Qa4 {[#]} 24. Nxf7 $1 {[%mdl 512]} Kxf7 {[#]} ({Don't blunder} 24... Qxa3 $2 25. Qxe6 Qf8 26. Ng5+ Kh8 27. Rxd7 $18) (24... Ne5 25. Nxe5) 25. Rc7 Rd8 26. Qf3+ Kg8 {[#]} (26... Bf6 $142) 27. Rdxd7 $1 {[%mdl 576] Deflection} Rxd7 28. Qxa8+ Kf7 {[#]} 29. Rxd7+ ({Less strong is} 29. Qf3+ Bf6 $16) (29. Qb7 $1 $18 Qd1+ 30. Kg2 Rxc7 31. Qxc7+ Kg8 32. Qb8+ (32. Qxa7 Qd5+ 33. Kg1 Qd1+ 34. Kg2 Qd5+ 35. Kh3 Qf5+ 36. Kg2 Qd5+ $11) 32... Kf7 33. Qxa7+ Kg8 34. Qb8+ Kf7 35. Qc7+ Kg8 36. Qc8+ Kf7 37. Qb7+ Kg8 38. Qc8+ Kf7 39. Qb7+ Kg8 40. Qb8+ Kf7 41. Qb7+) 29... Qxd7 $14 30. Bc5 a6 31. h4 Qd1+ 32. Kh2 {Threatens to win with Qb7+.} Qd5 33. Qa7+ Kg8 34. a4 {[%cal Ba2a4,Ba4a5,Ba5b6,Bb6b7][%mdl 32]} Qc6 35. a5 h5 36. Qb6 (36. Qb8+ {is more complex.} Kf7 37. Bb6 Qc4 38. Qa7+ Kg8 39. Qa8+) 36... Qxb6 {[%mdl 8192]} (36... Qc8 $14) 37. axb6 {White mates.} ({And not} 37. Bxb6 e5 $11) 37... Be5 38. f4 Bb8 39. Bd4 Bd6 40. b7 a5 41. Be5 {Weighted Error Value: White=0.21/Black=0.51} 1-0